00233nam a22001097a 4500020001500000082001400015100002100029245002400050250000900074260003200083300000800115 a8185063362 a297.2 KHA aKhan, Wahiduddin aPrinciples of Islam a2012 aDelhibGoodword booksc2012 a170